Statistiques concernant Les plus grandes villes traversees par le fleuve Rio Grande

Cliquez ici pour prendre le quiz!

Statistiques générales

  • Ce quiz a été pris 11 fois
  • Le résultat moyen est 3 sur 10

Statistiques - réponses

PopulationVillesEtats% Correct
679,813El PasoTexas
80%
559,374AlbuquerqueNouveau Mexique
70%
1,560,821Ciudad JuarezChihuahua
60%
259,151LaredoTexas
30%
182,271BrownsvilleTexas
10%
141,968McAllenTexas
10%
425,058Nuevo LaredoTamaulipas
10%
216,099Cuidad AcunaCoahuila
0%
520,367MatamorosTamaulipas
0%
163,595Piedras NegrasCoahuila
0%

Distribution des résultats

Percentile par nombre de réponses

% des personnes avec chaque résultat

Votre développement - résultats

Vous n’avez pas pris ce quiz